[Event "7th Sunway Sitges 2020"]
[Site "Sitges ESP"]
[Date "2020.12.13"]
[Round "1.24"]
[White "Kanov, Nikola"]
[Black "Niemann, Hans Moke"]
[Result "0-1"]
[WhiteTitle "CM"]
[BlackTitle "IM"]
[WhiteElo "2079"]
[BlackElo "2478"]
[WhiteFideId "2928531"]
[BlackFideId "2093596"]
[EventDate "2020.12.13"]

1. e4 e5 2. Nf3 Nc6 3. Bc4 Nf6 4. d3 h6 5. Bb3 d6 6. c3 g6 7. O-O Bg7 8. Nbd2
O-O 9. Re1 Re8 10. h3 d5 11. exd5 Nxd5 12. d4 Bf5 13. dxe5 Nf4 14. Nc4 Nd3 15.
Rf1 Qd7 16. Ne3 Be6 17. Bxe6 Rxe6 18. Qb3 Ndxe5 19. Nxe5 Nxe5 20. Qxb7 Rd8 21.
a4 Rb6 22. Qe4 f5 23. Qc2 f4 24. a5 Rd6 25. Qb3+ Kh8 26. Nc2 g5 27. Qa4 Qf7 28.
Qe4 Re8 29. Nd4 c5 30. Nf5 Rd3 31. Nxg7 Kxg7 32. Kh1 Qd7 33. f3 Nxf3 34. Qc4 Ne5
35. Qe4 Rxh3+ 36. gxh3 Qxh3+ 37. Kg1 f3 38. Qb7+ Kh8 39. Rf2 Ng4 40. Bf4 Nxf2
41. Be5+ Rxe5 42. Qb8+ Kh7 43. Qc7+ Kg6 44. Qc6+ Kh5 0-1

[Event "7th Sunway Sitges 2020"]
[Site "Sitges ESP"]
[Date "2020.12.13"]
[Round "1.26"]
[White "Millaret Lores, Francesc"]
[Black "Sochacki, Christophe"]
[Result "0-1"]
[BlackTitle "IM"]
[WhiteElo "2073"]
[BlackElo "2469"]
[WhiteFideId "2272741"]
[BlackFideId "662569"]
[EventDate "2020.12.13"]

1. e4 g6 2. d4 Bg7 3. Nc3 a6 4. Bc4 b5 5. Bb3 Bb7 6. f3 e6 7. Nge2 d6 8. Be3 Nd7
9. Qd2 Qh4+ 10. Bf2 Qe7 11. Be3 c5 12. a4 c4 13. Ba2 b4 14. Nd1 d5 15. e5 f6 16.
exf6 Ngxf6 17. Nf2 a5 18. h4 e5 19. c3 b3 20. Bb1 O-O 21. dxe5 Nxe5 22. O-O Rae8
23. Nd1 Nh5 24. Bg5 Nxf3+ 25. Rxf3 Qxe2 26. Rxf8+ Bxf8 0-1

[Event "7th Sunway Sitges 2020"]
[Site "Sitges ESP"]
[Date "2020.12.13"]
[Round "1.27"]
[White "Batsiashvili, Nino"]
[Black "Luque Saiz, Andres"]
[Result "1/2-1/2"]
[WhiteTitle "GM"]
[WhiteElo "2466"]
[BlackElo "2069"]
[WhiteFideId "13602993"]
[BlackFideId "24510793"]
[EventDate "2020.12.13"]

1. c4 c6 2. Nf3 d5 3. e3 Nf6 4. Nc3 a6 5. b3 Bf5 6. Bb2 Nbd7 7. Nh4 Bg6 8. Nxg6
hxg6 9. cxd5 cxd5 10. Be2 e6 11. h3 Bd6 12. Rc1 Rc8 13. O-O O-O 14. d4 Qe7 15.
Rc2 Rc6 16. Qd3 Bb8 17. Rfc1 Qd6 18. g3 Rfc8 19. Nb1 Rxc2 20. Rxc2 Rxc2 21. Qxc2
Ne4 22. Qc8+ Kh7 23. Ba3 Qc7 24. Qxc7 Bxc7 25. Bd3 Ndf6 26. Kg2 Kg8 27. g4 Bd6
28. Bb2 Bb4 29. f3 Nd6 30. Nc3 Kf8 31. Kf2 Ke7 32. Ne2 Nd7 33. Bc2 g5 34. a3 Ba5
35. Ng3 f6 36. Ke2 Bc7 37. Nh1 e5 38. dxe5 Nxe5 39. Ng3 Nc6 40. f4 Nf7 41. Nf5+
Kf8 42. Kf3 Ncd8 43. Nd4 gxf4 44. exf4 g5 45. Ne2 Ke7 46. Nc3 Kd6 47. Nd1 Ne6
48. f5 Nf4 49. Bxf6 Nxh3 50. Nc3 Kc6 51. Bd4 Nf4 52. Ke3 Ne5 53. Bd1 Kd6 54. Na4
Nd7 55. Bg7 Bd8 56. Bf3 Ne5 57. Bf8+ Kc6 58. Bd1 b5 59. Nc3 Bb6+ 60. Kd2 Bd4 61.
Be7 Nf7 62. a4 Bc5 63. Bf6 b4 64. Ne2 Nxe2 65. Bxe2 a5 66. Bb5+ Kc7 67. Be8 Nd6
68. Be5 Kb6 69. Bd7 Ne4+ 70. Kc2 Be7 71. Bd4+ Kc7 72. Bb5 Bd8 73. Be5+ Kb6 74.
Be2 Kc5 75. Bf3 Nf6 76. Kd3 Nd7 77. Bg3 Nf6 78. Ke3 Nd7 79. Be2 Nf6 80. Be5 Kc6
81. Bb8 Kc5 82. Ba7+ Kd6 83. Kd4 Nd7 84. Bb5 Bf6+ 85. Ke3 Nc5 86. Bxc5+ Kxc5 87.
Be2 1/2-1/2

[Event "7th Sunway Sitges 2020"]
[Site "Sitges ESP"]
[Date "2020.12.13"]
[Round "1.28"]
[White "Perez Bolanos, David"]
[Black "Stefanova, Antoaneta"]
[Result "0-1"]
[BlackTitle "GM"]
[WhiteElo "2068"]
[BlackElo "2466"]
[WhiteFideId "24564400"]
[BlackFideId "2902257"]
[EventDate "2020.12.13"]

1. Nf3 d5 2. b3 c5 3. e3 a6 4. Bb2 Nc6 5. g3 Bg4 6. h3 Bh5 7. Bg2 e6 8. O-O Nf6
9. d3 Be7 10. Nbd2 O-O 11. g4 Bg6 12. Nh4 d4 13. Nxg6 hxg6 14. Bxc6 bxc6 15. Qf3
Nd5 16. exd4 cxd4 17. Bxd4 Nb4 18. c3 Nc2 19. Rac1 Nxd4 20. cxd4 Qxd4 21. Rxc6
Qb2 22. Nc4 Qxa2 23. Rc7 Rae8 24. Qb7 Bf6 25. Nd6 Rb8 26. Qa7 Qxb3 27. Rxf7 Qxd3
28. Rxf8+ Rxf8 29. Qd7 Qd5 30. Rc1 Be5 31. Rc6 Qd1+ 0-1

[Event "7th Sunway Sitges 2020"]
[Site "Sitges ESP"]
[Date "2020.12.13"]
[Round "1.29"]
[White "Vasquez Schroeder, Rodrigo"]
[Black "Serrano Aspa, Xavier"]
[Result "1-0"]
[WhiteTitle "GM"]
[WhiteElo "2459"]
[BlackElo "2061"]
[WhiteFideId "3400042"]
[BlackFideId "2219077"]
[EventDate "2020.12.13"]

1. d4 f5 2. Nf3 Nf6 3. g3 e6 4. Bg2 d5 5. O-O Bd6 6. c4 c6 7. Qc2 O-O 8. Bf4 Be7
9. b3 Ne4 10. Nc3 Nd7 11. Bc1 a6 12. e3 Bd6 13. Bb2 Qf6 14. Ne2 g5 15. Nc1 g4
16. Ne1 Qg5 17. Ned3 Rf6 18. Ne2 Rh6 19. Nef4 Ndf6 20. Ne5 Nh5 21. Nfd3 Nhf6 22.
Nf4 Nh5 23. Qe2 Bxe5 24. dxe5 Nxf4 25. exf4 Qh5 26. h4 gxh3 27. Qxh5 Rxh5 28.
Bf3 Rh6 29. Rad1 Bd7 30. Kh2 Be8 31. Be2 a5 32. f3 Nc5 33. Bd4 b6 34. Rd2 Rg6
35. Rc1 Rc8 36. cxd5 cxd5 37. Rdc2 Rg7 38. Bxc5 Rgc7 39. Ba6 Ra8 40. Bd3 1-0

[Event "7th Sunway Sitges 2020"]
[Site "Sitges ESP"]
[Date "2020.12.13"]
[Round "1.30"]
[White "Perez Bolanos, Joel"]
[Black "Maurizzi, Marc Andria"]
[Result "0-1"]
[BlackTitle "IM"]
[WhiteElo "2058"]
[BlackElo "2445"]
[WhiteFideId "24564419"]
[BlackFideId "36083534"]
[EventDate "2020.12.13"]

1. e4 c5 2. Nf3 Nc6 3. Bb5 g6 4. Bxc6 dxc6 5. d3 Bg7 6. h3 Nf6 7. O-O Nd7 8.
Nbd2 e5 9. a3 b5 10. b4 a5 11. bxc5 Nxc5 12. Nb3 Ne6 13. Be3 a4 14. Nc1 O-O 15.
Qd2 f5 16. Bh6 Bxh6 17. Qxh6 Nf4 18. Nxe5 fxe4 19. dxe4 Qd2 20. Nf3 Ne2+ 21.
Nxe2 Qxh6 0-1

[Event "7th Sunway Sitges 2020"]
[Site "Sitges ESP"]
[Date "2020.12.13"]
[Round "1.31"]
[White "Gines Esteo, Pedro Antonio"]
[Black "Rut, Vojtech"]
[Result "1-0"]
[WhiteTitle "IM"]
[WhiteElo "2437"]
[BlackElo "2057"]
[WhiteFideId "32080190"]
[BlackFideId "333190"]
[EventDate "2020.12.13"]

1. d4 e6 2. c4 f5 3. g3 Nf6 4. Bg2 d5 5. Nh3 Bd6 6. O-O O-O 7. Bf4 Be7 8. Qc2 c6
9. Nc3 h6 10. Rad1 g5 11. Bc1 Na6 12. a3 Nc7 13. f3 dxc4 14. e4 Qe8 15. Rfe1 Qf7
16. Nf2 Bd7 17. Qe2 fxe4 18. fxe4 b5 19. Rf1 Qg7 20. Be3 a6 21. Qc2 Be8 22. h3
Bg6 23. Qc1 Rac8 24. Kh2 Bh5 25. g4 Bg6 26. Ne2 Kh7 27. Ng3 Rf7 28. b3 cxb3 29.
Nd3 h5 30. Qxc6 h4 31. Nf5 exf5 32. exf5 Bxa3 33. Ne5 Bh5 34. gxh5 g4 35. h6 g3+
36. Kh1 Qf8 37. Bg5 Ng8 38. Qg6+ 1-0

[Event "7th Sunway Sitges 2020"]
[Site "Sitges ESP"]
[Date "2020.12.13"]
[Round "1.32"]
[White "Cano Sevilla, Ivan"]
[Black "Siebrecht, Sebastian"]
[Result "0-1"]
[BlackTitle "GM"]
[WhiteElo "2052"]
[BlackElo "2429"]
[WhiteFideId "32043546"]
[BlackFideId "4609352"]
[EventDate "2020.12.13"]

1. d4 g6 2. Bf4 Bg7 3. Nc3 d6 4. e4 a6 5. Qd2 Nd7 6. Nf3 h6 7. a4 b6 8. Bc4 e6
9. h3 Bb7 10. O-O Ne7 11. Rfe1 g5 12. Bg3 Ng6 13. Rad1 Nf6 14. Qe2 Nh5 15. Bh2
Nhf4 16. Qe3 O-O 17. h4 Qf6 18. e5 Qf5 19. Bf1 dxe5 20. Nxe5 Nxh4 21. f3 Bxe5
22. dxe5 Rfd8 23. Bxf4 gxf4 24. Qf2 Qg5 25. Rxd8+ Rxd8 26. Ne4 Bxe4 27. Rxe4 Rd2
28. Re2 Rd1 29. Re4 a5 30. c3 c5 31. Re2 Kg7 32. Re4 Rd2 33. Re2 Rd3 34. Kh2 Nf5 0-1

[Event "7th Sunway Sitges 2020"]
[Site "Sitges ESP"]
[Date "2020.12.13"]
[Round "1.33"]
[White "Bulmaga, Irina"]
[Black "Rodriguez Diaz, Javier"]
[Result "1-0"]
[WhiteTitle "IM"]
[WhiteElo "2424"]
[BlackElo "2049"]
[WhiteFideId "13903063"]
[BlackFideId "32044186"]
[EventDate "2020.12.13"]

1. e4 e5 2. Nf3 Nc6 3. Bb5 Nf6 4. d3 Bc5 5. c3 O-O 6. O-O d6 7. Ba4 a6 8. Re1 b5
9. Bc2 Bb6 10. h3 Ne7 11. Nbd2 Ng6 12. Nf1 Nh5 13. Bg5 f6 14. Be3 Nhf4 15. Ng3
Bd7 16. Nf5 Bxe3 17. Bb3+ Kh8 18. fxe3 Ne6 19. d4 Ng5 20. Nxg5 fxg5 21. Rf1 Ne7
22. Ng3 Rxf1+ 23. Qxf1 Qf8 24. Qd3 Qe8 25. Rf1 Ng8 26. dxe5 Qxe5 27. Qd5 Qxd5
28. exd5 Nf6 29. c4 Re8 30. Kf2 b4 31. Bc2 Re5 32. Ke2 Kg8 33. Kd3 c5 34. dxc6
Bxc6 35. Rf2 Nd7 36. Kd2 g6 37. Ne2 Nc5 38. Nd4 Be4 39. Re2 Kg7 40. Bxe4 Nxe4+
41. Kc2 Ng3 42. Re1 Nf5 43. Kd3 Nxd4 44. Kxd4 Ra5 45. Ra1 Kf6 46. g4 Ke6 47. a3
Ra4 48. Kd3 Ke5 49. Kc2 bxa3 50. b3 Rb4 51. Rxa3 Rb6 52. Kd3 Ke6 53. Kd4 h6 54.
Ke4 Rc6 55. Ra4 Rb6 56. b4 Rc6 57. Kd4 Kd7 58. Kd5 Rb6 59. e4 Rc6 60. c5 Kc7 61.
Ra3 dxc5 62. bxc5 Rf6 63. e5 Rf1 64. e6 Rd1+ 65. Ke5 Re1+ 66. Kf6 Kd8 67. Rxa6
Rf1+ 68. Kxg6 1-0

[Event "7th Sunway Sitges 2020"]
[Site "Sitges ESP"]
[Date "2020.12.13"]
[Round "1.34"]
[White "Fernandez Alonso, Miguel Angel"]
[Black "Gatineau, Yovann"]
[Result "1/2-1/2"]
[BlackTitle "IM"]
[WhiteElo "2045"]
[BlackElo "2423"]
[WhiteFideId "2253852"]
[BlackFideId "26028999"]
[EventDate "2020.12.13"]

1. d4 f5 2. Nc3 Nf6 3. Bg5 d5 4. e3 e6 5. f4 c5 6. Nf3 a6 7. Bxf6 gxf6 8. Nd2
Nc6 9. Qh5+ Kd7 10. Qf7+ Qe7 11. Qxe7+ Bxe7 12. Na4 cxd4 13. Nb6+ Kd6 14. Nxa8
dxe3 15. Nb3 b5 16. Nb6 Bb7 17. a4 Kc7 18. Nxd5+ exd5 19. axb5 axb5 20. Bxb5 1/2-1/2

[Event "7th Sunway Sitges 2020"]
[Site "Sitges ESP"]
[Date "2020.12.13"]
[Round "1.36"]
[White "Ruiz Buendia, Miguel"]
[Black "Martin Duque, Jesus"]
[Result "0-1"]
[BlackTitle "IM"]
[WhiteElo "2039"]
[BlackElo "2414"]
[WhiteFideId "24537675"]
[BlackFideId "2208954"]
[EventDate "2020.12.13"]

1. e4 c5 2. Nf3 Nc6 3. d4 cxd4 4. Nxd4 e6 5. Nc3 Qc7 6. Be3 a6 7. Qf3 Nf6 8.
O-O-O Ne5 9. Qg3 b5 10. f4 Neg4 11. Bg1 b4 12. Nb1 e5 13. fxe5 Nxe5 14. Nf5 g6
15. Bd4 d6 16. Qh4 Nfd7 17. Bxe5 dxe5 18. Ne3 Nb6 19. Qf6 Rg8 20. Bc4 Nxc4 21.
Nxc4 Be6 22. Ncd2 Be7 23. Qf3 Rc8 0-1

[Event "7th Sunway Sitges 2020"]
[Site "Sitges ESP"]
[Date "2020.12.13"]
[Round "1.37"]
[White "Vlachos, Anatole"]
[Black "Diaz Carrasco, Sergio"]
[Result "1-0"]
[WhiteTitle "IM"]
[WhiteElo "2413"]
[BlackElo "2036"]
[WhiteFideId "26093189"]
[BlackFideId "2276429"]
[EventDate "2020.12.13"]

1. Nf3 d5 2. g3 Nf6 3. Bg2 g6 4. O-O Bg7 5. d3 O-O 6. Nbd2 Nc6 7. e4 e5 8. c3
Be6 9. Ng5 Qd6 10. Nxe6 fxe6 11. b4 d4 12. Nc4 Qd7 13. b5 Nd8 14. Nxe5 Qxb5 15.
cxd4 Nd7 16. a4 1-0

[Event "7th Sunway Sitges 2020"]
[Site "Sitges ESP"]
[Date "2020.12.13"]
[Round "1.38"]
[White "Sismeiro, Miguel"]
[Black "Svoboda, Vaclav2"]
[Result "0-1"]
[WhiteElo "2035"]
[BlackElo "2407"]
[WhiteFideId "1950975"]
[BlackFideId "323551"]
[EventDate "2020.12.13"]

1. e4 c5 2. Nf3 Nc6 3. d4 cxd4 4. Nxd4 Qc7 5. c4 Nf6 6. Nc3 Nxe4 7. Nxe4 Qe5 8.
Nxc6 Qxe4+ 9. Be2 Qxc6 10. O-O e6 11. Qd4 d6 12. Bf3 Qc7 13. Bg5 h6 14. Be3 Bd7
15. b4 Bc6 16. Be2 e5 17. Qg4 g6 18. f4 h5 19. Qh3 f5 20. b5 Be4 21. Bf3 Bxf3
22. Qxf3 e4 23. Qd1 Bg7 24. Rc1 O-O 25. c5 dxc5 26. Rxc5 Qf7 27. Qa4 Rfd8 28.
Rfc1 Rd7 29. Rc8+ Rxc8 30. Rxc8+ Kh7 31. Qxa7 Rd1+ 32. Kf2 Ra1 33. Rc2 Qd5 34.
Kg3 Qxb5 35. Rc7 Qe2 36. Rxg7+ Kxg7 37. Bd4+ Kh6 38. Bxa1 Qe1+ 39. Kh3 Qe2 40.
g3 Qf1+ 41. Kh4 Qxa1 42. Qxb7 Qxa2 43. Kh3 Qa1 44. Qe7 Qg7 45. Qe6 Qf8 46. Qd7
Qf6 47. Qa7 h4 48. Qd7 hxg3 49. hxg3 Qa1 50. Kg2 Qb2+ 51. Kh3 Qc1 52. Kg2 Qb2+
53. Kh3 Qf6 54. Qa7 Qd8 55. Qf7 e3 0-1

[Event "7th Sunway Sitges 2020"]
[Site "Sitges ESP"]
[Date "2020.12.13"]
[Round "1.39"]
[White "Romanishin, Oleg M"]
[Black "Carroll, Peter"]
[Result "1-0"]
[WhiteTitle "GM"]
[BlackTitle "CM"]
[WhiteElo "2402"]
[BlackElo "2031"]
[WhiteFideId "14100088"]
[BlackFideId "2510243"]
[EventDate "2020.12.13"]

1. Nf3 Nf6 2. g3 b5 3. Bg2 Bb7 4. O-O c5 5. d3 e6 6. e4 Be7 7. e5 Nd5 8. c4 bxc4
9. dxc4 Nb6 10. Qe2 d5 11. exd6 Bxd6 12. Rd1 Qe7 13. Nc3 N8d7 14. Rxd6 Qxd6 15.
Nb5 Qe7 16. Nc7+ Kf8 17. Nxa8 Bxa8 18. a4 f6 19. a5 Nc8 20. Be3 Nd6 21. Rd1 Nf5
22. b4 Kf7 23. b5 e5 24. Ng5+ fxg5 25. Bxa8 Nd4 26. Qh5+ g6 27. Bd5+ Kg7 28.
Bxg5 gxh5 29. Bxe7 1-0

[Event "7th Sunway Sitges 2020"]
[Site "Sitges ESP"]
[Date "2020.12.13"]
[Round "1.40"]
[White "Garcia Ruiz, Adrian"]
[Black "Ayats Llobera, Gerard"]
[Result "0-1"]
[BlackTitle "IM"]
[WhiteElo "2024"]
[BlackElo "2400"]
[WhiteFideId "22288112"]
[BlackFideId "32067607"]
[EventDate "2020.12.13"]

1. e4 c5 2. Nf3 Nc6 3. d4 cxd4 4. Nxd4 Qb6 5. Nb3 e6 6. Be3 Qc7 7. Be2 Nf6 8.
Nc3 Bb4 9. Bf3 b6 10. O-O Ba6 11. Re1 Ne5 12. Bd4 d6 13. a3 Bc5 14. Be2 Bxe2 15.
Qxe2 Bxd4 16. Nxd4 a6 17. Red1 O-O 18. Nb1 Rfd8 19. Nd2 d5 20. f4 Ng6 21. e5 Nd7
22. g3 b5 23. h4 h6 24. N2f3 Nc5 25. h5 Ne7 26. g4 Ne4 27. Kh2 Nc6 28. Nxc6 Qxc6
29. Nd4 Qc7 30. Rg1 Rac8 31. c3 Re8 32. Qg2 f6 33. Nf3 fxe5 34. Nxe5 Rf8 35.
Raf1 Rxf4 36. Rxf4 Qxe5 37. Rf1 Rf8 0-1

[Event "7th Sunway Sitges 2020"]
[Site "Sitges ESP"]
[Date "2020.12.13"]
[Round "1.41"]
[White "Valenzuela Gomez, Fernando"]
[Black "Menac Comas, Joan Ramon"]
[Result "1-0"]
[WhiteTitle "IM"]
[BlackTitle "CM"]
[WhiteElo "2390"]
[BlackElo "2014"]
[WhiteFideId "3409392"]
[BlackFideId "2255308"]
[EventDate "2020.12.13"]

1. e4 c5 2. Nf3 g6 3. c3 Bg7 4. d4 cxd4 5. cxd4 d5 6. e5 Nc6 7. Bb5 Bg4 8. Nbd2
Rc8 9. O-O a6 10. Bd3 e6 11. h3 h5 12. Re1 Bxf3 13. Nxf3 Nh6 14. Bg5 Qb6 15. Qd2
Nf5 16. Bxf5 gxf5 17. b4 Kd7 18. a3 Rc7 19. Be3 Rhc8 20. Rac1 Bf8 21. Ng5 a5 22.
Qd1 axb4 23. Qxh5 Nd8 24. Rxc7+ Rxc7 25. axb4 f4 26. Bd2 Qxd4 27. Nf3 Qb2 28.
Qh7 Rc2 29. Rd1 Ke8 30. h4 Nc6 31. h5 Bxb4 32. Bxb4 Nxb4 33. Ng5 Kd8 34. Qxf7
Kc8 35. Qf8+ 1-0

[Event "7th Sunway Sitges 2020"]
[Site "Sitges ESP"]
[Date "2020.12.13"]
[Round "1.42"]
[White "Mayrhuber, Nikola"]
[Black "Lin, Yingrui"]
[Result "0-1"]
[WhiteTitle "WFM"]
[WhiteElo "1998"]
[BlackElo "2387"]
[WhiteFideId "1637819"]
[BlackFideId "32094272"]
[EventDate "2020.12.13"]

1. d4 Nf6 2. c4 c5 3. d5 b5 4. Nf3 g6 5. Qc2 b4 6. e4 d6 7. a3 bxa3 8. Rxa3 Bg7
9. Nc3 O-O 10. Be2 Na6 11. Bf4 Nh5 12. Bg5 h6 13. Bd2 Qb6 14. Qc1 Kh7 15. Nb5
Nb4 16. Bc3 Nf6 17. e5 dxe5 18. Bxe5 Bf5 19. O-O a6 20. Nc3 Qb7 21. Na4 Rac8 22.
Nh4 Bc2 23. Qe3 g5 24. Nf3 Ne4 25. Bd3 Nxd3 26. Qxe4+ f5 27. Qe2 Nxe5 28. Qxc2
Ng6 29. Re1 g4 30. Nd2 Rf6 31. h3 gxh3 32. Rxh3 Qc7 33. Rhe3 h5 34. Nf3 Qf4 35.
g3 Qg4 36. Ne5 Nxe5 37. Rxe5 h4 38. Kg2 hxg3 39. Rh1+ Kg8 40. fxg3 Rg6 41. Re3
Rf8 42. Qe2 Qxe2+ 43. Rxe2 f4 44. Rxe7 fxg3 45. Re2 Bd4 46. Rf1 Rf2+ 47. Rexf2
gxf2+ 48. Kf3 a5 49. Ke2 Rf6 50. Kd2 Rg6 51. Ke2 Rg7 52. Rxf2 Bxf2 53. Kxf2 Rb7
54. Ke2 Kf7 55. b3 Rxb3 56. Nxc5 Rb4 57. Kd3 Ke7 58. Kc3 Rb1 59. Kc2 Rb8 60. Kc3
Kd6 61. Kd4 Rb1 62. Ne4+ Ke7 63. Kc5 a4 64. Kc6 a3 65. d6+ Ke8 66. d7+ Ke7 67.
Nc3 Kd8 68. c5 Rc1 69. Na2 Rc2 70. Nb4 Rb2 71. Nd3 Rd2 72. Ne5 a2 73. Nf7+ Ke7 0-1

[Event "7th Sunway Sitges 2020"]
[Site "Sitges ESP"]
[Date "2020.12.13"]
[Round "1.43"]
[White "Garcia Ramos, Daniel"]
[Black "Garcia De Blas, Esteban"]
[Result "1-0"]
[WhiteTitle "FM"]
[WhiteElo "2380"]
[BlackElo "1994"]
[WhiteFideId "32010311"]
[BlackFideId "2229919"]
[EventDate "2020.12.13"]

1. e4 d6 2. d4 Nf6 3. Nc3 g6 4. Bg5 Bg7 5. Qd2 h6 6. Bf4 Nbd7 7. Nf3 c5 8. O-O-O
cxd4 9. Nxd4 e5 10. Ndb5 exf4 11. Qxd6 Qe7 12. Nc7+ Kd8 13. Qxe7+ Kxe7 14. Nxa8
Nc5 15. f3 Be6 16. Nc7 Rc8 17. Nxe6 fxe6 18. g3 Nh5 19. Ne2 Be5 20. Rg1 g5 21.
Bh3 b5 22. Bg4 Nf6 23. gxf4 gxf4 24. Bh3 Kf7 25. Nd4 b4 26. Kb1 Ne8 27. Nxe6
Nxe6 28. Rd7+ Kf6 29. Rh7 Rc6 30. Bf5 Bd4 31. Rg6+ Ke5 32. Re7 Nf6 33. Rxh6 Bc5
34. Rxe6+ Rxe6 35. Bxe6 Kxe6 36. c3 bxc3 37. bxc3 Kf7 38. e5 Ng8 39. Rc6 Be3 40.
Kc2 Ne7 41. Rf6+ Kg7 42. Kd3 Ng8 43. Rd6 Kf7 44. Ke4 Ne7 45. h4 1-0

[Event "7th Sunway Sitges 2020"]
[Site "Sitges ESP"]
[Date "2020.12.13"]
[Round "1.44"]
[White "Catarineu Morales, Alex"]
[Black "Ootes, Lars"]
[Result "0-1"]
[BlackTitle "IM"]
[WhiteElo "1992"]
[BlackElo "2373"]
[WhiteFideId "22220534"]
[BlackFideId "1019708"]
[EventDate "2020.12.13"]

1. Nf3 d6 2. d4 g6 3. e4 Nf6 4. Nbd2 Bg7 5. Bc4 O-O 6. O-O Nc6 7. c3 e5 8. dxe5
Nxe5 9. Nxe5 dxe5 10. Qe2 Nh5 11. g3 Qe7 12. Nb3 b6 13. Bd5 Rb8 14. c4 Ba6 15.
Bc6 Rbd8 16. Be3 Qe6 17. Bb5 Bb7 18. c5 Bxe4 19. Bg5 Bf6 20. Bh6 Bd5 21. Bxf8 c6
22. Ba6 Kxf8 23. Nd2 e4 24. Nc4 b5 25. Ne3 Bxa2 26. Rfd1 Bb3 27. Rxd8+ Bxd8 28.
Qd2 Bc7 29. Ra3 Nf6 30. Qc3 Bd5 31. Nxd5 cxd5 32. Bxb5 Be5 33. Qb3 Qf5 34. Be2
Bd4 35. Qb8+ Kg7 36. Qf4 Qxf4 37. gxf4 Bxc5 38. Rc3 Bb6 39. Kg2 d4 40. Rb3 Nd5
41. f5 Nf4+ 42. Kf1 gxf5 43. Rb5 Kf6 44. Bc4 Ng6 45. Rd5 Ne5 46. Ba2 d3 47. Rd6+
Kg5 48. Kg2 h5 49. Kg3 h4+ 50. Kg2 f4 51. Bd5 e3 52. fxe3 fxe3 0-1

[Event "7th Sunway Sitges 2020"]
[Site "Sitges ESP"]
[Date "2020.12.13"]
[Round "1.45"]
[White "Unuk, Laura"]
[Black "Lohia, Sohum"]
[Result "1-0"]
[WhiteTitle "WGM"]
[WhiteElo "2346"]
[BlackElo "1987"]
[WhiteFideId "14609215"]
[BlackFideId "5819369"]
[EventDate "2020.12.13"]

1. d4 Nf6 2. c4 b6 3. Nf3 Bb7 4. g3 g6 5. Bg2 Bg7 6. O-O O-O 7. Nc3 Ne4 8. Bd2
Nxd2 9. Qxd2 d6 10. e4 Nd7 11. Rad1 e6 12. Rfe1 Qe7 13. Re2 Rfd8 14. Ne1 c5 15.
Nc2 a6 16. f4 cxd4 17. Nxd4 Rac8 18. b3 e5 19. Nc2 exf4 20. gxf4 b5 21. Ne3 bxc4
22. bxc4 Nc5 23. Ncd5 Qe8 24. Ng4 Bxd5 25. cxd5 h5 26. Nf2 Qb5 27. e5 Na4 28.
Rde1 dxe5 29. fxe5 Rc4 30. e6 fxe6 31. Rxe6 Qc5 32. Kh1 Rc2 33. Qg5 Rd6 34. Qxg6
Rxf2 35. Re8+ Rf8 36. Rxf8+ Kxf8 37. Re8# 1-0

[Event "7th Sunway Sitges 2020"]
[Site "Sitges ESP"]
[Date "2020.12.13"]
[Round "1.46"]
[White "Gutierrez Palomino, Albert"]
[Black "Garcia Martin, Marta"]
[Result "0-1"]
[BlackTitle "IM"]
[WhiteElo "1984"]
[BlackElo "2342"]
[WhiteFideId "54565693"]
[BlackFideId "32084030"]
[EventDate "2020.12.13"]

1. c4 e6 2. Nc3 d5 3. e3 Nf6 4. Nf3 b6 5. b3 Bb7 6. Bb2 Nbd7 7. Qc2 a6 8. Be2
Bd6 9. cxd5 exd5 10. O-O O-O 11. Rac1 c5 12. d4 Qe7 13. Rfd1 Rfe8 14. Nh4 g6 15.
g3 Rac8 16. Bf3 c4 17. bxc4 Rxc4 18. Be2 Rc7 19. a4 Rec8 20. Qb3 Qe6 21. Bf1 Rc4
22. Nf3 Qf5 23. Bg2 R4c7 24. Ne2 Ne4 25. Nc3 Ndf6 26. Nxe4 dxe4 27. Nh4 Qd5 28.
Qxb6 Rxc1 29. Rxc1 Rxc1+ 30. Bxc1 g5 31. Nf5 Qxf5 32. Qxd6 Ng4 33. Qb8+ Kg7 34.
f3 exf3 35. Qxb7 f2+ 0-1

[Event "7th Sunway Sitges 2020"]
[Site "Sitges ESP"]
[Date "2020.12.13"]
[Round "1.47"]
[White "Yu, Jennifer"]
[Black "Villa Izquierdo, Roberto"]
[Result "1-0"]
[WhiteTitle "FM"]
[WhiteElo "2328"]
[BlackElo "1962"]
[WhiteFideId "2078341"]
[BlackFideId "2218216"]
[EventDate "2020.12.13"]

1. c4 e5 2. g3 Nc6 3. Bg2 f5 4. e3 Nf6 5. Nc3 Bb4 6. Nd5 Bc5 7. Ne2 e4 8. d3
exd3 9. Qxd3 d6 10. O-O Ne5 11. Qc2 c6 12. Nxf6+ Qxf6 13. Bd2 Be6 14. b3 O-O 15.
Nd4 Rae8 16. Nxe6 Qxe6 17. Rad1 Bb6 18. h3 h5 19. Bb4 Bc7 20. Rd4 Nf7 21. Bc3 g5
22. Qe2 Qg6 23. Bf3 h4 24. Bh5 Qe6 25. gxh4 Bb6 26. hxg5 Bxd4 27. Bxd4 Nxg5 28.
Bxe8 Qxe8 29. Kh2 Kh7 30. Rg1 Ne6 31. Qf3 Qe7 32. Qg3 1-0

[Event "7th Sunway Sitges 2020"]
[Site "Sitges ESP"]
[Date "2020.12.13"]
[Round "1.48"]
[White "Rocamora Martorell, Ferran"]
[Black "Eden, James"]
[Result "0-1"]
[BlackTitle "IM"]
[WhiteElo "1931"]
[BlackElo "2323"]
[WhiteFideId "54524130"]
[BlackFideId "666491"]
[EventDate "2020.12.13"]

1. d4 Nf6 2. Nf3 g6 3. c4 Bg7 4. g3 O-O 5. Bg2 d6 6. O-O Nc6 7. Nc3 a6 8. Qd3
Nd7 9. e4 e5 10. d5 Nd4 11. Ne1 f5 12. Be3 Qf6 13. f4 Nc5 14. Qd1 Nxe4 15. Nxe4
fxe4 16. Bxe4 Nf5 17. Bc1 exf4 18. Rxf4 Bh6 19. Rf2 Bxc1 20. Rxc1 Bd7 21. Ng2
Qg5 22. Rc3 Rae8 23. Bxf5 Bxf5 24. Rcf3 Rf7 25. Rf4 h5 26. Nh4 Rfe7 27. Rf1 Bh3
28. Nf3 Qh6 29. Re1 g5 30. Rxe7 Rxe7 31. Rd4 Qf6 32. Rd2 Rf7 33. Rd3 g4 34. Nd2
Qf2+ 0-1

[Event "7th Sunway Sitges 2020"]
[Site "Sitges ESP"]
[Date "2020.12.13"]
[Round "1.49"]
[White "Toncheva, Nadya"]
[Black "Ribera Veganzones, Serni"]
[Result "1-0"]
[WhiteTitle "WFM"]
[WhiteElo "2321"]
[BlackElo "1926"]
[WhiteFideId "2924056"]
[BlackFideId "6900860"]
[EventDate "2020.12.13"]

1. e4 c5 2. c3 Nf6 3. e5 Nd5 4. Nf3 Nc6 5. d4 cxd4 6. cxd4 d6 7. Bc4 Nb6 8. Bb5
dxe5 9. Nxe5 Bd7 10. Nxd7 Qxd7 11. O-O e6 12. Nc3 Rd8 13. Be3 Be7 14. Qg4 O-O
15. Rad1 Kh8 16. Qh3 a6 17. Bd3 f5 18. Rfe1 Bf6 19. d5 Nxd5 20. Bxf5 exf5 21.
Rxd5 Qxd5 22. Nxd5 Rxd5 23. Qf3 Re5 24. Rd1 Rf7 25. h3 Rfe7 26. b3 h6 27. Rd5
Kh7 28. Rxe5 Rxe5 29. Qd1 g6 30. Bc1 Re7 31. Ba3 Rf7 32. Qd5 Kg7 33. Bc5 Ne5 34.
Qe6 Nc6 35. Be3 Nd4 36. Bxh6+ 1-0